Minha cruzada pró-Portugal (Record no. 45675)

MARC details
000 -Etiqueta do registo
Valores 00958nam a2200253 4500
021 ## - Número do Depósito Legal
Número 373185/14
100 ## - Dados gerais de processamento
Dados gerais 20140821e20141961m y0pory50030103ba
101 0# - Língua de publicação
Língua por
102 ## - País de publicação
País PT
200 1# - Titulo e menção de responsabilidade
Título próprio Minha cruzada pró-Portugal
Informação de outro título Santa Maria
Primeira menção de responsabilidade Henrique Galvão
210 #9 - Publicação
Local de publicação São Paulo
Nome do editor Livraria Martins
Data de publicação [S.d.]
210 #9 - Publicação
Local de publicação [Lisboa]
Nome do editor A Bela e o Monstro,
Data de publicação 2014
215 ## - Descrição física 
Paginação / Volumes [2], 200, [3] p.
Outras indicações físicas il.
Dimensões 21 cm
305 ## - Nota relativa à edição da publicação
Texto da nota Ed. fac-simile. <br/>Dados bibliográficos referentes à edição original.<br/>Ed. especial de obras proibidas pela Censura do Estado Novo [A Bela e o Monstro edições]
675 ## - CDU
Notação 323.2(469)"1961"
Edição BN
Língua por
675 ## - CDU
Notação 929Galvão, Henrique
Edição BN
Língua por
675 ## - CDU
Notação 821.134.3-94"19"
Edição BN
Língua por
675 ## - CDU
Notação 099.4
Edição BN
Língua por
700 #1 - Autor principal
Apelido Galvão,
Nome Henrique,
Datas 1895-1970
801 #0 - Fonte de origem
País PT
Agência BN
Regras de catalogação RPC
856 41 - Localização e acesso electrónico 
URL <a href="http://rnod.bnportugal.gov.pt/ImagesBN/winlibimg.aspx?skey=&doc=1882146&img=48668&save=true">http://rnod.bnportugal.gov.pt/ImagesBN/winlibimg.aspx?skey=&doc=1882146&img=48668&save=true</a>
990 ## - Elementos KOHA
Tipo de documento Livro
Holdings
Aquisição Empréstimo Código de barras Cota Permissão de empréstimo Tipo de documento Nota relativa ao exemplar
Biblioteca Municipal de Redondo Biblioteca Municipal de Redondo 056377 323.2(469) GAL Consulta presencial Livro Ed. fac-simile da 1.ª ed.

Powered by Koha